000 00456pab a2200169 454500
008 180718b1999 xxu||||| |||| 00| 0 eng d
100 _aFukuchi, Takao
245 _aSimulation analysis of exchange rate dynamics: the case of Indonesia
260 _c1999
300 _ap.35-58
362 _aMar
650 _aExchange rates - Indonesia
650 _aExchange rates
700 _aTokunaga, Suminori
773 _aDeveloping Economies
909 _a40703
999 _c40703
_d40703